|
|
|
|
| LEADER |
00727nab a2200205 i 4500 |
| 001 |
acta24330 |
| 005 |
20210601110051.0 |
| 008 |
161017s1986 hu o 0|| eng d |
| 022 |
|
|
|a 0001-6721
|
| 040 |
|
|
|a SZTE Egyetemi Kiadványok Repozitórium
|b hun
|
| 041 |
|
|
|a eng
|
| 100 |
1 |
|
|a Papp György
|
| 245 |
1 |
0 |
|a Electronic energy of hexagonal site self-interstitial impurity in si
|h [elektronikus dokumentum] :
|b gépirat /
|c Papp György
|
| 260 |
|
|
|c 1986
|
| 300 |
|
|
|a 9-15
|
| 490 |
0 |
|
|a Acta physica et chemica
|v 32 No. 1-4
|
| 695 |
|
|
|a Természettudomány, Kémia, Fizika
|
| 700 |
0 |
1 |
|a Boguslawski P.
|e aut
|
| 700 |
0 |
1 |
|a Baldereschi A.
|e aut
|
| 856 |
4 |
0 |
|u http://acta.bibl.u-szeged.hu/24330/1/phys_chem_032_009-015.pdf
|z Dokumentum-elérés
|